[Event "45th Olympiad 2024"]
[Site "Budapest HUN"]
[Date "2024.09.18"]
[Round "7.77"]
[White "Gabriel, Sixtus"]
[Black "Espirito Santo, Waldyr"]
[Result "1-0"]
[WhiteElo "1800"]
[BlackElo "1926"]
[TimeControl "40/5400+30:1800_30\""]
[EventDate "2024.09.11"]
[Board "2"]
[WhiteFideId "23000180"]
[BlackFideId "16900049"]
[WhiteTeam "Saint Lucia"]
[BlackTeam "Sao Tome and Principe"]

1. d4 Nf6 2. Bg5 e6 3. e4 Be7 4. e5 Ng8 5. Be3 d6 6. f4 Nc6 7. Nf3 Nh6 8.
c3 Nf5 9. Bf2 h5 10. h4 Bd7 11. Bd3 Nh6 12. Nbd2 Ng4 13. Qe2 d5 14. Ng5 a6
15. Nf1 g6 16. Qc2 Kf8 17. Ne3 Nxe3 18. Bxe3 Kg7 19. O-O-O Na5 20. Rdg1 Bb5
21. g4 Bxd3 22. Qxd3 Bxg5 23. fxg5 Nc6 24. Qf1 Kg8 25. Rh2 Qe7 26. Rf2 Rf8
27. Qd3 Qe8 28. b3 b5 29. Kb1 b4 30. cxb4 Nxb4 31. Qc3 Qb5 32. a3 Nc6 33.
gxh5 Rxh5 34. Rg4 Ne7 35. a4 Qb7 36. Rc2 Rb8 37. Ka2 Nf5 38. Bf2 Kg7 39.
Rf4 Rhh8 40. Rf3 Rbc8 41. Qe1 c6 42. Rc5 Rh7 43. Ka3 Rch8 44. Qc3 Qe7 45.
b4 Rb8 46. a5 Rb5 47. Rxc6 Rxa5+ 48. Kb3 Rb5 49. Rxa6 Qb7 50. Ra4 Nxh4 51.
Bxh4 Rxh4 52. Rh3 Rxh3 53. Qxh3 Qc8 54. Qc3 Qd8 55. Qc1 Rb7 56. Ra2 Qb6 57.
Qc5 Qd8 58. Qc6 Rb8 59. Qd6 Qh8 60. Ra7 Qh3+ 61. Ka4 Re8 62. Ka5 Qc3 63.
Qc5 Qd2 64. Kb6 Qxg5 65. b5 Qh4 66. Ka6 Qf2 67. b6 Rb8 68. Kb5 g5 69. b7 g4
70. Qc7 g3 71. Qxb8 g2 72. Ra8 Qb2+ 73. Kc6 Qc3+ 74. Kd7 Qb2 75. Qh8+ Kg6
76. Qf6+ 1-0

[Event "45th Olympiad 2024"]
[Site "Budapest HUN"]
[Date "2024.09.18"]
[Round "7.77"]
[White "Lima, Osvaldo Dos Santos"]
[Black "James, Justin"]
[Result "0-1"]
[WhiteElo "1903"]
[BlackElo "1745"]
[TimeControl "40/5400+30:1800_30\""]
[EventDate "2024.09.11"]
[Board "3"]
[WhiteFideId "14306352"]
[BlackFideId "23000422"]
[WhiteTeam "Sao Tome and Principe"]
[BlackTeam "Saint Lucia"]

1. c4 c6 2. d4 d5 3. cxd5 cxd5 4. Nc3 Nf6 5. Nf3 Nc6 6. g3 g6 7. Bg2 Bg7 8.
O-O e6 9. e3 O-O 10. b3 a6 11. Bb2 b5 12. Rc1 Bb7 13. Ne1 Qe7 14. Nd3 Nd7
15. Qd2 Rab8 16. Nb1 b4 17. Nc5 Nxc5 18. Rxc5 Rfc8 19. Rfc1 a5 20. R1c2 Qd7
21. Qc1 Bf8 22. Nd2 Bxc5 23. dxc5 e5 24. Nf3 f6 25. Rd2 Rd8 26. Ne1 Qf7 27.
Bf1 Ne7 28. f3 Bc6 29. Qc2 Kg7 30. g4 Rd7 31. f4 Qe6 32. g5 d4 33. gxf6+
Qxf6 34. fxe5 Qg5+ 35. Ng2 Bxg2 36. h4 Qxe3+ 37. Kxg2 Nf5 38. Rd3 Nxh4+ 39.
Kh1 Qxe5 40. Bg2 Nxg2 41. Kxg2 Rc8 42. c6 Qe4+ 43. Kh2 Rxc6 44. Qd2 Rcd6
45. Rh3 Re6 46. Qh6+ Kg8 47. Rg3 Rf7 48. Bc1 Rf2+ 49. Kh3 Qh1+ 50. Kg4 Re4+
51. Bf4 Rexf4+ 52. Qxf4 Qh5# 0-1

[Event "45th Olympiad 2024"]
[Site "Budapest HUN"]
[Date "2024.09.18"]
[Round "7.77"]
[White "Elizee, Kaieem"]
[Black "Semedo, Adelino"]
[Result "1-0"]
[WhiteElo "1701"]
[BlackElo "1827"]
[TimeControl "40/5400+30:1800_30\""]
[EventDate "2024.09.11"]
[Board "4"]
[WhiteFideId "23000392"]
[BlackFideId "1951165"]
[WhiteTeam "Saint Lucia"]
[BlackTeam "Sao Tome and Principe"]

1. d4 d5 2. c4 e6 3. Nf3 Nf6 4. Bg5 h6 5. Bh4 c5 6. cxd5 exd5 7. e3 Nc6 8.
Be2 c4 9. O-O Be7 10. b3 cxb3 11. Qxb3 O-O 12. Nc3 Na5 13. Qc2 Be6 14. Ne5
Rc8 15. Qb2 Ne4 16. Bxe7 Qxe7 17. Rac1 f6 18. Ng6 Qf7 19. Nxf8 Rxf8 20.
Nxe4 dxe4 21. Rc2 Qg6 22. Rfc1 f5 23. d5 Bd7 24. Bb5 Qd6 25. Bxd7 Qxd7 26.
Rc7 1-0

[Event "45th Olympiad 2024"]
[Site "Budapest HUN"]
[Date "2024.09.18"]
[Round "7.78"]
[White "Ayyad, Husain"]
[Black "Murphy, Jones"]
[Result "1-0"]
[WhiteElo "2129"]
[BlackElo "2021"]
[TimeControl "40/5400+30:1800_30\""]
[EventDate "2024.09.11"]
[Board "1"]
[WhiteFideId "11200243"]
[BlackFideId "2057603"]
[WhiteTeam "Bahrain"]
[BlackTeam "Dominica"]

1. e4 e5 2. Nf3 Nc6 3. d4 exd4 4. Bc4 Bc5 5. O-O d6 6. b4 Bxb4 7. Nxd4 Nxd4
8. Qxd4 Qf6 9. Bb5+ Kf8 10. Qxb4 Qxa1 11. Bb2 Qxa2 12. Bc4 1-0

[Event "45th Olympiad 2024"]
[Site "Budapest HUN"]
[Date "2024.09.18"]
[Round "7.78"]
[White "Bridet, Robert"]
[Black "Ayyad, Maher"]
[Result "0-1"]
[WhiteElo "1697"]
[BlackElo "1980"]
[TimeControl "40/5400+30:1800_30\""]
[EventDate "2024.09.11"]
[Board "2"]
[WhiteFideId "93800037"]
[BlackFideId "11200235"]
[WhiteTeam "Dominica"]
[BlackTeam "Bahrain"]

1. e4 c5 2. Nf3 e6 3. b3 Nc6 4. Bb2 d6 5. Bb5 Bd7 6. O-O Nf6 7. Re1 Be7 8.
e5 Nxe5 9. Bxd7+ Nexd7 10. d4 O-O 11. Nbd2 b5 12. a3 Rb8 13. Qe2 Qc7 14.
Rac1 c4 15. c3 cxb3 16. Nxb3 Nb6 17. Nbd2 d5 18. h3 Na4 19. Nf1 Nxb2 20.
Qxb2 Qa5 21. Ra1 Rfc8 22. Rec1 Ne4 23. N3d2 Nxd2 24. Nxd2 Bg5 25. g3 Bxd2
26. Qxd2 Rc4 27. Ra2 Rbc8 28. Rb2 Qxa3 29. Rxb5 Rxd4 30. Qxd4 Qxc1+ 31. Kg2
h6 32. Rb7 Qxc3 33. Qxa7 Qf6 34. Rd7 Rd8 35. Re7 d4 36. Qc7 Rd5 37. Qc8+
Kh7 38. Qf8 d3 39. Rxf7 Qxf7 40. Qxf7 d2 41. Qxe6 Rd8 42. Qf5+ Kh8 43. h4
d1=Q 44. Qf4 Qd4 45. Qc1 Qe4+ 46. Kg1 Qf3 0-1

[Event "45th Olympiad 2024"]
[Site "Budapest HUN"]
[Date "2024.09.18"]
[Round "7.78"]
[White "Monther, Alfardan"]
[Black "Thomas, Larry"]
[Result "1/2-1/2"]
[WhiteElo "1834"]
[BlackElo "1686"]
[TimeControl "40/5400+30:1800_30\""]
[EventDate "2024.09.11"]
[Board "3"]
[WhiteFideId "11204265"]
[BlackFideId "93800045"]
[WhiteTeam "Bahrain"]
[BlackTeam "Dominica"]

1. e4 e5 2. Nf3 Nc6 3. Bc4 Be7 4. O-O d6 5. c3 Nf6 6. Re1 O-O 7. h3 Na5 8.
Bd3 c5 9. Bc2 c4 10. b3 b5 11. b4 Nb7 12. a4 Bd7 13. axb5 Bxb5 14. d3 cxd3
15. Bxd3 Bxd3 16. Qxd3 Qc7 17. Bg5 Rfc8 18. Rc1 h6 19. Bxf6 Bxf6 20. Nbd2
a5 21. Qd5 Qc6 22. Qd3 Qc7 23. Qd5 Qc6 24. Qd3 Qc7 25. Qd5 Qc6 1/2-1/2

[Event "45th Olympiad 2024"]
[Site "Budapest HUN"]
[Date "2024.09.18"]
[Round "7.78"]
[White "Francis, Nigel"]
[Black "Shaker, Musab"]
[Result "0-1"]
[WhiteElo "1775"]
[BlackElo "1757"]
[TimeControl "40/5400+30:1800_30\""]
[EventDate "2024.09.11"]
[Board "4"]
[WhiteFideId "93800010"]
[BlackFideId "11201789"]
[WhiteTeam "Dominica"]
[BlackTeam "Bahrain"]

1. e4 e5 2. Nf3 Nf6 3. Nxe5 d6 4. Nf3 Nxe4 5. Nc3 Nxc3 6. dxc3 Be7 7. Be3
O-O 8. Qd2 c6 9. O-O-O Nd7 10. h3 d5 11. g4 Nc5 12. Kb1 Ne4 13. Qc1 b5 14.
Bd3 Nc5 15. Be2 a5 16. Nd4 Bd7 17. f4 b4 18. c4 a4 19. Nf5 Bxf5 20. gxf5 b3
21. cxb3 axb3 22. a3 Ne4 23. Bf3 Qa5 24. Bxe4 Bxa3 25. Rd3 dxe4 26. Rxb3
Be7 27. Qc3 Qa1+ 28. Kc2 Qxh1 29. Qd2 Rfd8 30. Qe2 Qf3 31. Qxf3 exf3 32.
Bf2 Bf6 33. Rxf3 Rdb8 34. b3 h6 35. Bc5 Ra2+ 36. Kc1 Re8 0-1

[Event "45th Olympiad 2024"]
[Site "Budapest HUN"]
[Date "2024.09.18"]
[Round "7.79"]
[White "Fancy, Stuart"]
[Black "Hasford, John Kojo"]
[Result "0-1"]
[WhiteElo "1921"]
[BlackElo "1956"]
[TimeControl "40/5400+30:1800_30\""]
[EventDate "2024.09.11"]
[Board "1"]
[WhiteFideId "9100024"]
[BlackFideId "12600083"]
[WhiteTeam "Papua New Guinea"]
[BlackTeam "Ghana"]

1. e4 d6 2. d4 g6 3. Nc3 Bg7 4. Be2 Nf6 5. g4 Nc6 6. g5 Nd7 7. d5 Nd4 8.
Bg4 e5 9. Nf3 c5 10. dxc6 bxc6 11. Be3 c5 12. Nd5 Nb6 13. Bxc8 Rxc8 14.
Nxb6 Qxb6 15. b3 O-O 16. c3 Ne6 17. Nd2 Qc6 18. Qg4 f5 19. gxf6 Rxf6 20. h4
h5 21. Qe2 Nf4 22. Qc4+ Kh7 23. O-O-O Rcf8 24. Nf3 Ne2+ 25. Qxe2 Rxf3 26.
Rd5 Bh6 27. Bxh6 Kxh6 28. Qd2+ R8f4 29. Rxd6 Qxe4 30. Rg1 Rxf2 31. Rdxg6+
Qxg6 32. Rxg6+ Kxg6 33. Qd6+ Kf5 34. Qxc5 Rxa2 35. Kb1 Rff2 36. Qf8+ Kg4
37. Qg7+ Kxh4 38. Qxe5 Rae2 39. Qd4+ Kh3 40. Qd3+ Kg2 41. Qd5+ Kg1 42. Qg5+
Kf1 0-1

[Event "45th Olympiad 2024"]
[Site "Budapest HUN"]
[Date "2024.09.18"]
[Round "7.79"]
[White "Anhwere, Bernard"]
[Black "McCoy, Tom"]
[Result "1-0"]
[WhiteElo "1893"]
[BlackElo "1883"]
[TimeControl "40/5400+30:1800_30\""]
[EventDate "2024.09.11"]
[Board "2"]
[WhiteFideId "12600580"]
[BlackFideId "9100229"]
[WhiteTeam "Ghana"]
[BlackTeam "Papua New Guinea"]

1. d4 d5 2. Nf3 Nf6 3. e3 e6 4. c4 c6 5. Nc3 Bd6 6. Bd3 O-O 7. O-O Nbd7 8.
e4 dxe4 9. Nxe4 Nxe4 10. Bxe4 f5 11. Bc2 Nf6 12. Re1 Re8 13. Bg5 h6 14.
Bxf6 Qxf6 15. c5 Bc7 16. Ne5 b6 17. cxb6 axb6 18. Nxc6 Bb7 19. Ne5 Qg5 20.
f3 Rad8 21. Qd3 Rd6 22. Rad1 Red8 23. Qc4 Bb8 24. Kh1 Rd5 25. Bb3 Qf4 26.
Qc1 Bxe5 27. Rxe5 Qxc1 28. Rxc1 Rxe5 29. dxe5 Bd5 30. Rd1 Kf7 31. Bxd5 exd5
32. f4 Rc8 33. h3 Ke6 34. Rd3 Rc4 35. g3 Rc1+ 36. Kg2 Rc2+ 37. Kf3 Rxb2 38.
Rb3 Rxa2 39. Rxb6+ Kf7 40. Rb3 Rh2 41. Rb7+ Kf8 42. Rd7 Rd2 43. g4 fxg4+
44. Kxg4 d4 45. Kf5 g5 46. Kf6 Ke8 47. e6 gxf4 48. Rh7 Kd8 49. Rh8+ Kc7 50.
e7 Re2 51. e8=Q Rxe8 52. Rxe8 d3 53. Re1 f3 54. Ke5 d2 55. Rd1 f2 56. Ke4
1-0

[Event "45th Olympiad 2024"]
[Site "Budapest HUN"]
[Date "2024.09.18"]
[Round "7.79"]
[White "Jones, Rupert"]
[Black "Fomevor, Cephas Clinton"]
[Result "0-1"]
[WhiteElo "1849"]
[BlackElo "1873"]
[TimeControl "40/5400+30:1800_30\""]
[EventDate "2024.09.11"]
[Board "3"]
[WhiteFideId "9100121"]
[BlackFideId "12601330"]
[WhiteTeam "Papua New Guinea"]
[BlackTeam "Ghana"]

1. e4 c6 2. d4 d5 3. e5 c5 4. c4 cxd4 5. Nf3 Nc6 6. cxd5 Qa5+ 7. Qd2 Qxd5
8. Nc3 Qd8 9. Nb5 e6 10. Qf4 Bc5 11. Nd6+ Bxd6 12. exd6 Qf6 13. Bb5 Bd7 14.
Bxc6 Bxc6 15. Qxd4 Qxd4 16. Nxd4 Bxg2 17. Rg1 Be4 18. Rxg7 Bg6 19. Nxe6
fxe6 20. Bg5 Be4 21. Rd1 Bd5 22. d7+ Kf8 23. Rxg8+ Rxg8 24. d8=Q+ Rxd8 25.
Bxd8 Rg1+ 26. Kd2 Rg2 27. Ke3 Rxh2 28. Bf6 a6 29. a3 Kf7 30. Bd8 Rh3+ 31.
Kf4 Rf3+ 0-1

[Event "45th Olympiad 2024"]
[Site "Budapest HUN"]
[Date "2024.09.18"]
[Round "7.80"]
[White "Solomon, Joshua"]
[Black "Hamperl, Fred"]
[Result "0-1"]
[WhiteElo "1587"]
[BlackElo "1977"]
[TimeControl "40/5400+30:1800_30\""]
[EventDate "2024.09.11"]
[Board "1"]
[WhiteFideId "23800160"]
[BlackFideId "10700110"]
[WhiteTeam "Antigua and Barbuda"]
[BlackTeam "Guernsey"]

1. d4 Nf6 2. c4 c6 3. Nc3 d5 4. Nf3 e6 5. g3 Nbd7 6. Bg2 Bd6 7. O-O O-O 8.
Bg5 h6 9. Bxf6 Nxf6 10. c5 Bc7 11. e3 Re8 12. Rc1 e5 13. dxe5 Bxe5 14. Nxe5
Rxe5 15. Qd4 Qe8 16. b4 Bf5 17. a4 Rd8 18. b5 Ne4 19. bxc6 bxc6 20. Rb1
Nxc3 21. Qxc3 Bxb1 22. Rxb1 Re7 23. Qb4 Qd7 24. h4 Ree8 25. Kh2 Qc7 26. Qb7
Re7 27. Qb4 Kf8 28. a5 Ree8 29. Qb7 Qxb7 30. Rxb7 Re7 31. a6 Rxb7 32. axb7
Rb8 33. Bxd5 Rxb7 34. Bxc6 Rc7 35. Bd5 Rxc5 36. e4 a5 37. Kg2 a4 38. Ba2
Rc2 39. Bd5 Rd2 40. Bc4 Rd4 41. Ba2 Rxe4 42. Kf3 Rb4 43. Ke3 Rb2 44. Bd5 a3
45. Kd3 Rxf2 0-1

[Event "45th Olympiad 2024"]
[Site "Budapest HUN"]
[Date "2024.09.18"]
[Round "7.80"]
[White "Rowe, Peter"]
[Black "Matthew, Bailey"]
[Result "0-1"]
[WhiteElo "1973"]
[BlackElo "1548"]
[TimeControl "40/5400+30:1800_30\""]
[EventDate "2024.09.11"]
[Board "2"]
[WhiteFideId "10700099"]
[BlackFideId "23800011"]
[WhiteTeam "Guernsey"]
[BlackTeam "Antigua and Barbuda"]

1. d4 Nf6 2. Nf3 d5 3. Bf4 c5 4. c3 Nc6 5. e3 Qb6 6. b3 cxd4 7. exd4 Bg4 8.
Nbd2 e6 9. Be2 Be7 10. h3 Bh5 11. O-O O-O 12. Kh1 Rac8 13. Be3 Qc7 14. Bd3
Rfe8 15. Rg1 Bf8 16. Bg5 Bg6 17. Bxg6 hxg6 18. Re1 Ne7 19. c4 dxc4 20. bxc4
Red8 21. Qe2 Nf5 22. Nb3 Qxc4 23. Qxc4 Rxc4 24. Ne5 Rc2 25. Ng4 Be7 26.
Rad1 Nxg4 0-1

[Event "45th Olympiad 2024"]
[Site "Budapest HUN"]
[Date "2024.09.18"]
[Round "7.80"]
[White "Farquhar, Abner"]
[Black "Brookfield, Toby"]
[Result "1/2-1/2"]
[WhiteElo "1678"]
[BlackElo "1872"]
[TimeControl "40/5400+30:1800_30\""]
[EventDate "2024.09.11"]
[Board "3"]
[WhiteFideId "23800410"]
[BlackFideId "10700234"]
[WhiteTeam "Antigua and Barbuda"]
[BlackTeam "Guernsey"]

1. d4 Nf6 2. Nf3 c5 3. c3 e6 4. Bf4 d5 5. e3 Nc6 6. Bd3 h6 7. Nbd2 Nh5 8.
Be5 Nf6 9. O-O cxd4 10. exd4 Be7 11. Qe2 O-O 12. Bg3 Nh5 13. Ne5 Nxg3 14.
hxg3 Nxe5 15. dxe5 Bc5 16. Nf3 Bd7 17. g4 g5 18. Nd4 f6 19. Rad1 Rc8 20.
Bb1 fxe5 21. Qxe5 Qf6 22. Qxf6 Rxf6 23. Rfe1 Rcf8 24. f3 Re8 25. Kh1 Bc6
26. Nxc6 bxc6 27. Re2 Kf7 28. Bc2 Rh8 29. Kh2 h5 30. gxh5 Rxh5+ 31. Kg3
Bd6+ 32. Kf2 g4 33. Rf1 gxf3 34. gxf3 e5 35. Ke3 e4 36. Rg2 Rh3 37. Bd1
Bc5+ 38. Kd2 exf3 39. Rg4 f2 40. a4 Be3+ 41. Kc2 Rfh6 42. Be2 c5 43. b4 c4
44. a5 Rh1 45. Rg3 Rxf1 46. Bxf1 Rh1 47. Rxe3 Rxf1 48. Rf3+ Ke6 49. Kd2 Kd6
50. Ke2 Re1+ 51. Kxf2 Re7 52. Rf4 Kc6 53. Rf5 Kd6 54. Rf3 Kc6 55. Re3 Rh7
56. Ke2 d4 57. Re5 d3+ 58. Kd1 Rh1+ 59. Kd2 Rh2+ 60. Kd1 Rh1+ 61. Kd2 Rh2+
62. Kd1 1/2-1/2

[Event "45th Olympiad 2024"]
[Site "Budapest HUN"]
[Date "2024.09.18"]
[Round "7.80"]
[White "Owen, Garth I"]
[Black "Solomon, Jonathan"]
[Result "1-0"]
[WhiteElo "1810"]
[BlackElo "1536"]
[TimeControl "40/5400+30:1800_30\""]
[EventDate "2024.09.11"]
[Board "4"]
[WhiteFideId "10700382"]
[BlackFideId "23800178"]
[WhiteTeam "Guernsey"]
[BlackTeam "Antigua and Barbuda"]

1. c4 c6 2. Nf3 d5 3. b3 Nf6 4. Bb2 Nbd7 5. g3 e6 6. Bg2 Be7 7. O-O O-O 8.
Qc2 b6 9. d4 Bb7 10. Nbd2 Rc8 11. e4 dxe4 12. Nxe4 Nxe4 13. Qxe4 Nf6 14.
Qe2 Qc7 15. Rfe1 Bd6 16. Rac1 Qe7 17. Qd3 Ba3 18. Bxa3 Qxa3 19. Ne5 Rfd8
20. Qe3 Qe7 21. c5 Nd5 22. Bxd5 Rxd5 23. b4 b5 24. f4 Rcd8 25. Rcd1 g6 26.
Re2 Kg7 27. Red2 a6 28. Qf2 f6 29. Nf3 Bc8 30. Rd3 e5 31. fxe5 f5 32. Qe3
h6 33. h4 Be6 34. Kg2 Rf8 35. Ra3 Ra8 36. Ng1 Rd7 37. Nh3 Bd5+ 38. Kg1 Be6
39. Nf4 Bd5 40. Re1 Be6 41. Re2 Qf7 42. Kh2 Qe7 43. Rc3 Rad8 44. Rd2 Re8
45. Rc1 Red8 46. Re1 Re8 47. Ra1 Red8 48. a4 Bc4 49. axb5 Bxb5 50. e6 Rd5
51. Nxd5 Rxd5 52. Re1 Kh7 53. Qf4 g5 54. hxg5 hxg5 55. Qf3 Kg6 56. Kg1 Rd8
57. Rh2 g4 58. Qf4 Qg5 59. Qc7 Re8 60. Qf7# 1-0

[Event "45th Olympiad 2024"]
[Site "Budapest HUN"]
[Date "2024.09.18"]
[Round "7.81"]
[White "Wu, Li"]
[Black "Celis, Joel"]
[Result "1-0"]
[WhiteElo "2325"]
[BlackElo "1929"]
[TimeControl "40/5400+30:1800_30\""]
[EventDate "2024.09.11"]
[Board "1"]
[WhiteFideId "411086"]
[BlackFideId "15400212"]
[WhiteTeam "Isle of Man"]
[BlackTeam "Macau, China"]

1. d4 Nf6 2. c4 e5 3. dxe5 Ng4 4. e4 Nxe5 5. f4 Nec6 6. Nc3 d6 7. Be3 g6 8.
Qd2 Bg7 9. Nf3 O-O 10. O-O-O Re8 11. h3 Bxc3 12. Qxc3 Rxe4 13. g4 Nd7 14.
Ng5 Re8 15. Bg2 Qf6 16. Qd2 h6 17. Ne4 Qe6 18. f5 Qxc4+ 19. Nc3 Nb4 20. Kb1
Ne5 21. Bf1 Qc6 22. Bb5 Nc4 23. Qd4 Qb6 24. Bxe8 Nxe3 25. Qf6 Bxf5+ 26.
gxf5 Rxe8 27. fxg6 Rf8 28. gxf7+ Kh7 29. Rhg1 1-0

[Event "45th Olympiad 2024"]
[Site "Budapest HUN"]
[Date "2024.09.18"]
[Round "7.81"]
[White "Mak, Tong Kuan"]
[Black "Fabri, Henrik"]
[Result "1/2-1/2"]
[WhiteElo "1902"]
[BlackElo "1936"]
[TimeControl "40/5400+30:1800_30\""]
[EventDate "2024.09.11"]
[Board "2"]
[WhiteFideId "15400166"]
[BlackFideId "403270"]
[WhiteTeam "Macau, China"]
[BlackTeam "Isle of Man"]

1. e4 c5 2. Nf3 Nf6 3. e5 Nd5 4. c3 e6 5. d4 cxd4 6. cxd4 Nc6 7. Nc3 Nxc3
8. bxc3 d5 9. Bd3 Be7 10. O-O Bd7 11. Rb1 Rb8 12. Qc2 h6 13. Nd2 O-O 14. f4
f5 15. exf6 Bxf6 16. Nf3 Qc7 17. Qe2 Na5 18. Bd2 Nc4 19. Ne5 Bxe5 20. fxe5
Nxd2 21. Qxd2 a6 22. Qe3 Bb5 23. Bxb5 axb5 24. Rfc1 Ra8 25. Qd2 Qc4 26. Rc2
Ra3 27. h3 Rfa8 28. Rb4 Qc6 29. Kh2 Qa6 30. Rbb2 Qc6 1/2-1/2

[Event "45th Olympiad 2024"]
[Site "Budapest HUN"]
[Date "2024.09.18"]
[Round "7.81"]
[White "Ormsby, Alan"]
[Black "Wong, Kai Meng"]
[Result "1/2-1/2"]
[WhiteElo "1914"]
[BlackElo "1795"]
[TimeControl "40/5400+30:1800_30\""]
[EventDate "2024.09.11"]
[Board "3"]
[WhiteFideId "403407"]
[BlackFideId "15400263"]
[WhiteTeam "Isle of Man"]
[BlackTeam "Macau, China"]

1. d4 Nf6 2. Bg5 d5 3. e3 Nbd7 4. Nf3 h6 5. Bf4 e6 6. Bd3 c5 7. c3 Be7 8.
Nbd2 O-O 9. Ne5 Nxe5 10. dxe5 Nd7 11. Qh5 Bg5 12. h4 Bxf4 13. exf4 c4 14.
Bc2 Nc5 15. Nf3 Nd3+ 16. Bxd3 cxd3 17. Nd4 Bd7 18. Rh3 Qb6 19. O-O-O Qa6
20. Kb1 d2 21. Qe2 Qxe2 22. Nxe2 f6 23. Re3 fxe5 24. Rxe5 Bb5 25. Rxd2 Bxe2
26. Rdxe2 Rxf4 27. g3 Rf3 28. Rxe6 Raf8 29. Rd6 Rxf2 30. Rxf2 Rxf2 31. Rxd5
Rg2 32. Rd3 Kh7 33. c4 Kg6 34. b4 Kf5 35. c5 Ke4 36. Rd7 Rxg3 37. Rxb7 Kd4
38. Kb2 a5 39. bxa5 Kxc5 40. a6 Rg2+ 41. Ka3 Rg6 42. a7 Ra6+ 43. Kb3 g5 44.
hxg5 hxg5 45. Rg7 Kb6 46. Rxg5 Kxa7 47. Rg7+ Ka8 48. a4 Rb6+ 49. Kc4 Re6
50. Kb5 Rf6 51. Rh7 Rg6 52. a5 Rf6 53. Rg7 Re6 54. Rh7 Rf6 55. Rg7 Re6 56.
Rh7 Rf6 1/2-1/2

[Event "45th Olympiad 2024"]
[Site "Budapest HUN"]
[Date "2024.09.18"]
[Round "7.82"]
[White "Mompel Ferruz, Xavier"]
[Black "Houssein, Mohamed Bilal"]
[Result "1-0"]
[WhiteElo "2273"]
[BlackElo "1870"]
[TimeControl "40/5400+30:1800_30\""]
[EventDate "2024.09.11"]
[Board "1"]
[WhiteFideId "54585775"]
[BlackFideId "32504241"]
[WhiteTeam "Equatorial Guinea"]
[BlackTeam "Djibouti"]

1. e4 c5 2. Nf3 d6 3. d4 cxd4 4. Nxd4 Nf6 5. Nc3 a6 6. Be3 e5 7. Nb3 Be7 8.
h3 Be6 9. f4 exf4 10. Bxf4 Nc6 11. Qe2 Ne5 12. O-O-O Nfd7 13. g4 Rc8 14.
Qg2 Rxc3 15. bxc3 Qc7 16. Qg3 b5 17. g5 Nb6 18. Kd2 Na4 19. Nd4 O-O 20.
Nxe6 fxe6 21. Bxe5 dxe5 22. Bd3 Qxc3+ 23. Ke2 Qd4 24. Rdf1 Nc3+ 25. Ke1 Rd8
26. Qf2 Qb4 27. Qf7+ Kh8 28. a3 Nxe4+ 29. axb4 1-0

[Event "45th Olympiad 2024"]
[Site "Budapest HUN"]
[Date "2024.09.18"]
[Round "7.82"]
[White "Omar, Aden Omar"]
[Black "Oscar, Naranjo Gonzalez"]
[Result "1-0"]
[WhiteElo "1779"]
[BlackElo "1861"]
[TimeControl "40/5400+30:1800_30\""]
[EventDate "2024.09.11"]
[Board "2"]
[WhiteFideId "32502125"]
[BlackFideId "22900241"]
[WhiteTeam "Djibouti"]
[BlackTeam "Equatorial Guinea"]

1. e4 e6 2. d4 d5 3. Nd2 Nf6 4. e5 Nfd7 5. Bd3 c5 6. c3 Nc6 7. Ne2 a5 8.
Nf3 Qb6 9. h4 cxd4 10. cxd4 Bb4+ 11. Kf1 Be7 12. a3 f6 13. Nf4 Nf8 14. Rb1
Bd7 15. Nh5 Rg8 16. Be3 Rc8 17. Rh3 fxe5 18. dxe5 d4 19. Bg5 h6 20. Bxe7
Nxe7 21. Nf4 Bb5 22. Nxd4 Bxd3+ 23. Rxd3 g6 24. Qa4+ Kf7 25. Nb5 Kg7 26.
Rd6 Rc6 27. Rbd1 Qc5 28. Re1 Nf5 29. Rxc6 bxc6 30. Nc7 Kf7 31. Qb3 Qe7 32.
Qb7 Nd4 33. Rd1 c5 34. b4 axb4 35. axb4 Nd7 36. Ncxe6 Nxe5 37. Qxe7+ Kxe7
38. Nxd4 cxd4 39. Rxd4 Rb8 40. Rd5 Kf6 41. b5 g5 42. hxg5+ hxg5 43. Ne2 Ke6
44. Rd1 Nc4 45. Nd4+ Kf6 46. Rc1 Rc8 47. Nc6 Ne5 48. Ke2 Re8 49. Kd2 Nd7
50. Kd3 Ra8 51. Rc3 Ke6 52. Nd4+ Kd5 53. Nc2 Nc5+ 54. Ke3 Rb8 55. Nb4+ Kd6
56. Rxc5 Re8+ 57. Kd4 1-0

[Event "45th Olympiad 2024"]
[Site "Budapest HUN"]
[Date "2024.09.18"]
[Round "7.82"]
[White "Angel, Estanislao Gatjens Capche"]
[Black "Mohamed, Ali Dima"]
[Result "1-0"]
[WhiteElo "1849"]
[BlackElo "1761"]
[TimeControl "40/5400+30:1800_30\""]
[EventDate "2024.09.11"]
[Board "3"]
[WhiteFideId "22900144"]
[BlackFideId "32500173"]
[WhiteTeam "Equatorial Guinea"]
[BlackTeam "Djibouti"]

1. d4 d5 2. c4 e6 3. Nc3 Bb4 4. Nf3 Bxc3+ 5. bxc3 dxc4 6. e4 b5 7. a4 c6 8.
Ba3 Ne7 9. Ne5 O-O 10. h4 Bb7 11. Qg4 Nd7 12. Nxd7 Qxd7 13. Bc5 f5 14. Qg5
Rf7 15. e5 Nd5 16. Qd2 f4 17. Be2 a5 18. Bf3 Ne7 19. Bh5 g6 20. Bf3 Nd5 21.
h5 g5 22. h6 Ne7 23. Rh5 Rf5 24. Be4 Qe8 25. Bxf5 Qxh5 26. Bxe6+ Kf8 27.
Qc2 Qg6 28. Qxg6 hxg6 29. h7 Kg7 30. Bxe7 Re8 31. Bf6+ Kxh7 32. Bf7 Rf8 33.
e6 Bc8 34. O-O-O 1-0

[Event "45th Olympiad 2024"]
[Site "Budapest HUN"]
[Date "2024.09.18"]
[Round "7.83"]
[White "Stratonowitsch, Andre"]
[Black "Koumba, Mounguen Jose Evrard"]
[Result "1-0"]
[WhiteElo "2154"]
[BlackElo "1957"]
[TimeControl "40/5400+30:1800_30\""]
[EventDate "2024.09.11"]
[Board "1"]
[WhiteFideId "24613959"]
[BlackFideId "645010"]
[WhiteTeam "Seychelles"]
[BlackTeam "Gabon"]

1. e4 c5 2. Nf3 e6 3. c3 d5 4. exd5 exd5 5. Bb5+ Bd7 6. Qe2+ Be7 7. O-O
Bxb5 8. Qxb5+ Qd7 9. Qe2 Nc6 10. Re1 O-O-O 11. d4 Nf6 12. Bf4 Nh5 13. Be3
Rhe8 14. Qc2 g5 15. dxc5 Nf4 16. Nd4 Bxc5 17. Nd2 Bxd4 18. cxd4 Qg4 19.
Bxf4 gxf4 20. h3 Qg7 21. Qf5+ Re6 22. Rxe6 fxe6 23. Qxe6+ Kb8 24. Nb3 Nxd4
25. Nxd4 Qxd4 26. Qe2 f3 27. Qxf3 Qxb2 28. Qd1 Rf8 29. Qe1 a6 30. Rb1 Qxa2
31. Rxb7+ Kxb7 32. Qb4+ Kc6 33. Qxf8 Qa1+ 34. Kh2 Qe5+ 35. f4 Qd6 36. Qc8+
Kb6 37. Kg3 d4 38. Qc1 d3 39. Kf3 Qd4 40. Qe3 Kc5 41. f5 d2 42. Qxd4+ Kxd4
43. Ke2 Ke5 44. g4 1-0